Т. 144, вып. 4; Журнал экспериментальной и теоретической физики

Bibliografiska uppgifter
Parent link:Журнал экспериментальной и теоретической физики=ЖЭТФ/ Российская академия наук (РАН) ; Отделение физических наук РАН. Т. 144, вып. 4.— , 1931-
Språk:ryska
Publicerad: 2013
Materialtyp: Bok
KOHA link:https://koha.lib.tpu.ru/cgi-bin/koha/opac-detail.pl?biblionumber=523358

MARC

LEADER 00000nam2a2200000 4500
001 523358
005 20231101111002.0
035 |a (RuTPU)RU\TPU\prd\204592 
090 |a 523358 
100 |a 20131122a18739999k y0rusy50 ca 
101 0 |a rus 
102 |a RU 
200 0 |a Т. 144, вып. 4 
210 |d 2013 
461 1 |0 (RuTPU)RU\TPU\prd\1443  |t Журнал экспериментальной и теоретической физики  |l ЖЭТФ  |f Российская академия наук (РАН) ; Отделение физических наук РАН  |v Т. 144, вып. 4  |d 1931- 
801 0 |a RU  |b 63413507  |c 20010227  |g PSBO 
801 1 |a RU  |b 63413507  |c 20131122 
801 2 |a RU  |b 63413507  |c 20230410  |g RCR 
942 |c BK 
999 |a НТБ_ТПУ  |b НФ  |e -1/20130109  |p П-770а  |s 3/20130508  |u 0,00  |v 1